Unit operations of chemical engineering. (Record no. 331897)
[ view plain ]
| 000 -LEADER | |
|---|---|
| fixed length control field | 01172cam a2200301 a 4500 |
| 001 - CONTROL NUMBER | |
| control field | 616713 |
| 003 - CONTROL NUMBER IDENTIFIER | |
| control field | NUST |
| 005 - DATE AND TIME OF LATEST TRANSACTION | |
| control field | 20171101112826.0 |
| 008 - FIXED-LENGTH DATA ELEMENTS--GENERAL INFORMATION | |
| fixed length control field | 920916s1993 nyua b 001 0 eng |
| 010 ## - LIBRARY OF CONGRESS CONTROL NUMBER | |
| LC control number | 92036218 |
| 020 ## - INTERNATIONAL STANDARD BOOK NUMBER | |
| International Standard Book Number | 0070448442 (acidfree paper) |
| 040 ## - CATALOGING SOURCE | |
| Original cataloging agency | DLC |
| Transcribing agency | DLC |
| Modifying agency | DLC |
| 050 00 - LIBRARY OF CONGRESS CALL NUMBER | |
| Classification number | TP155.7 |
| Item number | .M393 1993 |
| 082 00 - DEWEY DECIMAL CLASSIFICATION NUMBER | |
| Classification number | 660.2842 MCC |
| Edition number | 20 |
| 100 1# - MAIN ENTRY--PERSONAL NAME | |
| Personal name | McCabe, Warren L. |
| Fuller form of name | (Warren Lee), |
| Dates associated with a name | 1899- |
| 9 (RLIN) | 5803 |
| 245 10 - TITLE STATEMENT | |
| Title | Unit operations of chemical engineering. |
| 250 ## - EDITION STATEMENT | |
| Edition statement | 5th ed. / |
| Remainder of edition statement | Warren L. McCabe, Julian C. Smith, Peter Harriott. |
| 260 ## - PUBLICATION, DISTRIBUTION, ETC. | |
| Place of publication, distribution, etc. | New York : |
| Name of publisher, distributor, etc. | McGraw-Hill, |
| Date of publication, distribution, etc. | c1993. |
| 300 ## - PHYSICAL DESCRIPTION | |
| Extent | xx, 1130 p. : |
| Other physical details | ill. ; |
| Dimensions | 25 cm. |
| 440 #0 - SERIES STATEMENT/ADDED ENTRY--TITLE | |
| Title | McGraw-Hill chemical engineering series |
| 9 (RLIN) | 5804 |
| 500 ## - GENERAL NOTE | |
| General note | "International edition"--T.p. verso. |
| 501 ## - WITH NOTE | |
| With note | P.B |
| 504 ## - BIBLIOGRAPHY, ETC. NOTE | |
| Bibliography, etc. note | Includes bibliographical references and index. |
| 650 #0 - SUBJECT ADDED ENTRY--TOPICAL TERM | |
| Topical term or geographic name entry element | Chemical processes. |
| 9 (RLIN) | 5805 |
| 700 1# - ADDED ENTRY--PERSONAL NAME | |
| Personal name | Smith, Julian C. |
| Fuller form of name | (Julian Cleveland), |
| Dates associated with a name | 1919- |
| 9 (RLIN) | 5806 |
| 700 1# - ADDED ENTRY--PERSONAL NAME | |
| Personal name | Harriott, Peter. |
| 9 (RLIN) | 5807 |
| 906 ## - LOCAL DATA ELEMENT F, LDF (RLIN) | |
| a | 7 |
| b | cbc |
| c | orignew |
| d | 1 |
| e | ocip |
| f | 19 |
| g | y-gencatlg |
| 942 ## - ADDED ENTRY ELEMENTS (KOHA) | |
| Source of classification or shelving scheme | |
| Koha item type | Book |
| Call number prefix | IESE |
| Withdrawn status | Lost status | Source of classification or shelving scheme | Damaged status | Not for loan | Collection code | Permanent Location | Current Location | Shelving location | Date acquired | Total Checkouts | Full call number | Barcode | Date last seen | Date last checked out | Price effective from | Koha item type |
|---|---|---|---|---|---|---|---|---|---|---|---|---|---|---|---|---|
| Institute of Environmental Science and Engineering (IESE) | Institute of Environmental Science and Engineering (IESE) | General Stacks | 11/01/2017 | 1 | 660.2842 MCC | IESE-23 | 03/29/2021 | 02/23/2021 | 11/01/2017 | Book |
